Proposing a user centered design pattern for open source software (OSS) / (Record no. 608217)

000 -LEADER
fixed length control field 00434nam a22001337a 4500
082 ## - DEWEY DECIMAL CLASSIFICATION NUMBER
Classification number 005.1,IMT
100 ## - MAIN ENTRY--PERSONAL NAME
Personal name Imtiaz, Sara
9 (RLIN) 35336
245 ## - TITLE STATEMENT
Title Proposing a user centered design pattern for open source software (OSS) /
Statement of responsibility, etc. Sara Imtiaz.
260 ## - PUBLICATION, DISTRIBUTION, ETC.
Place of publication, distribution, etc. Rawalpindi
Name of publisher, distributor, etc. MCS - NUST,
Date of publication, distribution, etc. 2013
300 ## - PHYSICAL DESCRIPTION
Extent 150 p. : ill.; 30cm
650 ## - SUBJECT ADDED ENTRY--TOPICAL TERM
Topical term or geographic name entry element Computer Software Engineering MS-Thesis
9 (RLIN) 16105
700 ## - ADDED ENTRY--PERSONAL NAME
Personal name Dr. Naveed Rao
9 (RLIN) 35337
942 ## - ADDED ENTRY ELEMENTS (KOHA)
Source of classification or shelving scheme
Koha item type Thesis
Holdings
Withdrawn status Lost status Source of classification or shelving scheme Damaged status Not for loan Permanent Location Current Location Shelving location Date acquired Total Checkouts Full call number Barcode Date last seen Price effective from Koha item type
          Military College of Signals (MCS) Military College of Signals (MCS) Thesis 02/26/2024   005.1,IMT MCSTCS-307 (A) 02/26/2024 02/26/2024 Thesis
© 2023 Central Library, National University of Sciences and Technology. All Rights Reserved.